000 00934nam a22003610a 4500
001 PT29831
003 AR-LpoUNG
005 20210131233548.0
008 191001s1992||||ag |||||||||||||||||spa d
020 _a950742105X
_c$81.95
040 _aAR-LpoUNG
_bspa
_cAR-LpoUNG
_eaacr
041 _aspa
044 _aag
082 0 _a982.066 417oct
100 1 _aCerruti, Gabriela
245 1 3 _aEl octavo círculo :
_bcrónica y entretelones del poder menemista
250 _a2da. ed.
260 _aBuenos Aires :
_bPlaneta,
_c1992.
300 _a287 p. :
_bil.
650 4 _aANALISIS HISTORICO
650 4 _aARGENTINA
650 4 _aEMPRESAS
650 4 _aGOBERNABILIDAD
650 4 _aPARTIDOS POLITICOS
650 4 _aPODER POLITICO
650 4 _aPOLITICA EXTERIOR
650 4 _aPRIVATIZACION
650 4 _aSINDICALISMO
651 4 _aArgentina
700 1 _aCiancaglini, Sergio
905 _a29831
942 _cLIB
999 _c21392
_d21392